[Event "PRO League KO Stage 2019"]
[Site "chess.com INT"]
[Date "2019.03.23"]
[Round "1"]
[White "Bordi, Kevin"]
[Black "Hammer, Jon Ludvig"]
[Result "0-1"]
[BlackTitle "GM"]
[WhiteElo "2288"]
[BlackElo "2650"]
[WhiteTeam "Cannes Blitzstreams"]
[BlackTeam "Norway Gnomes"]
[WhiteFideId "621862"]
[BlackFideId "1503707"]
[EventDate "2019.03.19"]

1. e4 e5 2. Nf3 Nc6 3. d4 exd4 4. Nxd4 Qf6 5. Nf5 d5 6. Qxd5 Nb4 7. Qb5+ c6 8.
Qe2 Bxf5 9. exf5+ Ne7 10. a3 Nd5 11. c4 Nb6 12. g4 h5 13. Nc3 hxg4 14. Ne4 Qe5
15. c5 Nxf5 16. Bf4 Qxf4 17. Nf6+ Kd8 18. Qe8+ Kc7 19. Qxf7+ Be7 20. cxb6+ axb6
21. Bd3 Qe5+ 22. Ne4 Nd6 23. Qg6 Ra4 24. O-O-O Nxe4 25. Rhe1 Qg5+ 26. Qxg5 Bxg5+
27. Kb1 Nxf2 0-1

[Event "PRO League KO Stage 2019"]
[Site "chess.com INT"]
[Date "2019.03.23"]
[Round "1"]
[White "Hauge, Lars Oskar"]
[Black "Cornette, Matthieu"]
[Result "1/2-1/2"]
[WhiteTitle "IM"]
[BlackTitle "GM"]
[WhiteElo "2468"]
[BlackElo "2552"]
[WhiteTeam "Norway Gnomes"]
[BlackTeam "Cannes Blitzstreams"]
[WhiteFideId "1509276"]
[BlackFideId "620084"]
[EventDate "2019.03.19"]

1. d4 Nf6 2. Bg5 c5 3. d5 d6 4. Nc3 h6 5. Bf4 e5 6. dxe6 Bxe6 7. e4 Nc6 8. Nf3
g5 9. Be3 Bg7 10. Be2 O-O 11. h3 Re8 12. O-O d5 13. exd5 Nxd5 14. Nxd5 Qxd5 15.
Qxd5 Bxd5 16. c3 Rad8 17. Rfd1 Bf8 18. Rd2 a6 19. b3 Be4 20. Rad1 Rxd2 21. Rxd2
Rd8 22. Rxd8 Nxd8 23. Nd2 Bc2 24. Kf1 Bg7 25. c4 Ne6 26. Bf3 b6 27. Be4 Bxe4 28.
Nxe4 Be5 29. g4 Kf8 30. Ke2 Ke7 31. Kd3 f6 1/2-1/2

[Event "PRO League KO Stage 2019"]
[Site "chess.com INT"]
[Date "2019.03.23"]
[Round "1"]
[White "Barseghyan, Harutyun"]
[Black "Holm, Kristian Stuvik"]
[Result "1/2-1/2"]
[WhiteTitle "IM"]
[BlackTitle "IM"]
[WhiteElo "2459"]
[BlackElo "2463"]
[WhiteTeam "Cannes Blitzstreams"]
[BlackTeam "Norway Gnomes"]
[WhiteFideId "13304585"]
[BlackFideId "1508083"]
[EventDate "2019.03.19"]

1. d4 Nf6 2. Nf3 d5 3. c4 e6 4. g3 Be7 5. Bg2 O-O 6. O-O dxc4 7. Qc2 a6 8. a4
Bd7 9. Qxc4 Bc6 10. Bg5 Bd5 11. Qc2 Be4 12. Qc4 Bd5 13. Qc2 Be4 14. Qc4 Bd5 15.
Qc2 Be4 1/2-1/2

[Event "PRO League KO Stage 2019"]
[Site "chess.com INT"]
[Date "2019.03.23"]
[Round "1"]
[White "Hammer, Jon Ludvig"]
[Black "Barseghyan, Harutyun"]
[Result "1-0"]
[WhiteTitle "GM"]
[BlackTitle "IM"]
[WhiteElo "2650"]
[BlackElo "2459"]
[WhiteTeam "Norway Gnomes"]
[BlackTeam "Cannes Blitzstreams"]
[WhiteFideId "1503707"]
[BlackFideId "13304585"]
[EventDate "2019.03.19"]

1. c4 e6 2. Nf3 d5 3. d4 Nf6 4. Nc3 Bb4 5. e3 O-O 6. Bd3 b6 7. cxd5 exd5 8. O-O
Bb7 9. Bd2 a6 10. Ne5 Bd6 11. f4 c5 12. Be1 cxd4 13. exd4 Ne4 14. Nxe4 dxe4 15.
Bc4 Nc6 16. Bd5 Rc8 17. Bxe4 Qe7 18. Bf2 Nb4 19. Bxb7 Qxb7 20. a3 Nd5 21. Qf3 f6
22. Nd3 Rfd8 23. Rac1 Bf8 24. f5 Rxc1 25. Rxc1 Qd7 26. Re1 Qb5 27. g4 Qb3 28. h4
Bd6 29. g5 Nf4 30. Re3 Nxd3 31. Rxd3 Qxb2 32. g6 hxg6 33. fxg6 Qc1+ 34. Kg2 Qh6
35. Qd5+ Kh8 36. Qf5 Bf4 37. d5 Be5 38. Be3 Qxh4 39. Bf4 Kg8 40. Qe6+ Kf8 41.
Qf7# 1-0

[Event "PRO League KO Stage 2019"]
[Site "chess.com INT"]
[Date "2019.03.23"]
[Round "1"]
[White "Holm, Kristian Stuvik"]
[Black "Bordi, Kevin"]
[Result "1-0"]
[WhiteTitle "IM"]
[WhiteElo "2463"]
[BlackElo "2288"]
[WhiteTeam "Norway Gnomes"]
[BlackTeam "Cannes Blitzstreams"]
[WhiteFideId "1508083"]
[BlackFideId "621862"]
[EventDate "2019.03.19"]

1. c4 c6 2. Nf3 d5 3. e3 Nf6 4. Nc3 e6 5. b3 Nbd7 6. Bb2 Bd6 7. Qc2 Qe7 8. Be2
O-O 9. O-O dxc4 10. bxc4 e5 11. d3 Re8 12. Rfe1 Nf8 13. Nd2 Bf5 14. Bf3 Rad8 15.
Nde4 Nxe4 16. Nxe4 Ba3 17. Rab1 Bxb2 18. Rxb2 Ne6 19. Rd1 b6 20. Ng3 Bg6 21.
Bxc6 Rf8 22. Bd5 Nc7 23. Qb3 Kh8 24. Bf3 Ne6 25. Rbd2 f5 26. Bd5 Nc7 27. e4 f4
28. Nf1 f3 29. g3 Na6 30. Ne3 Nc5 31. Qb5 h5 32. h4 Be8 33. Qb2 g5 34. hxg5 Na4
35. Qa1 Bg6 36. Kh2 Qxg5 37. Rh1 Kg7 38. Kg1 Rde8 39. Bc6 Nc5 40. Bxe8 Rxe8 41.
Rh4 Ne6 42. Kh2 Nd4 43. Qd1 Rf8 44. Nc2 Rf4 45. Rxf4 exf4 46. Nxd4 fxg3+ 47.
fxg3 h4 48. Ne6+ 1-0

[Event "PRO League KO Stage 2019"]
[Site "chess.com INT"]
[Date "2019.03.23"]
[Round "1"]
[White "Lagarde, Maxime"]
[Black "Hauge, Lars Oskar"]
[Result "1-0"]
[WhiteTitle "GM"]
[BlackTitle "IM"]
[WhiteElo "2631"]
[BlackElo "2468"]
[WhiteTeam "Cannes Blitzstreams"]
[BlackTeam "Norway Gnomes"]
[WhiteFideId "662399"]
[BlackFideId "1509276"]
[EventDate "2019.03.19"]

1. b3 a5 2. a4 d5 3. Bb2 e6 4. e3 Nf6 5. f4 Bd6 6. Nf3 Qe7 7. Bd3 Nbd7 8. Ne5 h5
9. Qf3 Nc5 10. O-O Nxd3 11. cxd3 Bd7 12. Nc3 Bb4 13. Rac1 c6 14. Rc2 Ng4 15.
Nxg4 hxg4 16. Qxg4 f6 17. Qg6+ Qf7 18. Qxf7+ Kxf7 19. Na2 Bd6 20. Nc1 Ke7 21. d4
Be8 22. d3 g5 23. Ne2 Bg6 24. Rd2 Rh4 25. g3 Rh3 26. Bc3 b6 27. Kg2 Rah8 28. Rh1
gxf4 29. exf4 Bf5 30. Ng1 R3h7 31. Nf3 Bh3+ 32. Kf2 Kd7 33. Ke3 Rg8 34. Rb1 Ra8
35. b4 axb4 36. Bxb4 Rxa4 37. Bxd6 Kxd6 38. Rxb6 Ra3 39. Rc2 Rc7 40. Nd2 Bf5 41.
Rb3 Rxb3 42. Nxb3 Ra7 43. Nc5 Ra3 44. h4 e5 45. fxe5+ fxe5 46. Rf2 Bxd3 47. Nxd3
e4 48. Rd2 Ke6 49. Kf4 exd3 50. g4 Kf6 51. h5 Ra4 52. g5+ Ke6 53. Rxd3 c5 54. h6
c4 55. Re3+ Kf7 56. Kf5 c3 57. g6+ Kf8 58. h7 Kg7 59. Re7+ 1-0

[Event "PRO League KO Stage 2019"]
[Site "chess.com INT"]
[Date "2019.03.23"]
[Round "1"]
[White "Cornette, Matthieu"]
[Black "Kaasen, Tor Fredrik"]
[Result "1-0"]
[WhiteTitle "GM"]
[BlackTitle "IM"]
[WhiteElo "2552"]
[BlackElo "2383"]
[WhiteTeam "Cannes Blitzstreams"]
[BlackTeam "Norway Gnomes"]
[WhiteFideId "620084"]
[BlackFideId "1516647"]
[EventDate "2019.03.19"]

1. e4 c5 2. Nf3 d6 3. Nc3 a6 4. g3 b5 5. d4 cxd4 6. Nxd4 Bb7 7. Bg2 Nf6 8. O-O
e6 9. Re1 Qc7 10. a4 bxa4 11. Nd5 Nxd5 12. exd5 e5 13. Rxa4 Nd7 14. Nc6 Nb6 15.
Ra3 Rc8 16. Rb3 Ba8 17. Rc3 Na4 18. Ra3 Nc5 19. b4 Ne6 20. dxe6 Bxc6 21. Rc3 Qb6
22. exf7+ 1-0

[Event "PRO League KO Stage 2019"]
[Site "chess.com INT"]
[Date "2019.03.23"]
[Round "1"]
[White "Hammer, Jon Ludvig"]
[Black "Cornette, Matthieu"]
[Result "1/2-1/2"]
[WhiteTitle "GM"]
[BlackTitle "GM"]
[WhiteElo "2650"]
[BlackElo "2552"]
[WhiteTeam "Norway Gnomes"]
[BlackTeam "Cannes Blitzstreams"]
[WhiteFideId "1503707"]
[BlackFideId "620084"]
[EventDate "2019.03.19"]

1. d4 Nf6 2. c4 e6 3. Nf3 a6 4. Nc3 d5 5. cxd5 exd5 6. Bg5 Be6 7. e3 Nbd7 8. h3
h6 9. Bf4 Bf5 10. g4 Bh7 11. Qb3 Nb6 12. Bg2 c6 13. O-O Be7 14. Ne5 O-O 15. Bg3
a5 16. a4 Ne8 17. Qd1 Nd6 18. Nd3 Nd7 19. b3 Ne4 20. Nxe4 dxe4 21. Nf4 Nf6 22.
Rc1 Re8 23. Rc4 Bd6 24. Ne2 Nd5 25. Bxd6 Qxd6 26. Qd2 Re7 27. Ng3 b6 28. Rfc1
Nb4 29. Kh1 Rae8 30. Qe2 Re6 1/2-1/2

[Event "PRO League KO Stage 2019"]
[Site "chess.com INT"]
[Date "2019.03.23"]
[Round "1"]
[White "Barseghyan, Harutyun"]
[Black "Kaasen, Tor Fredrik"]
[Result "1/2-1/2"]
[WhiteTitle "IM"]
[BlackTitle "IM"]
[WhiteElo "2459"]
[BlackElo "2383"]
[WhiteTeam "Cannes Blitzstreams"]
[BlackTeam "Norway Gnomes"]
[WhiteFideId "13304585"]
[BlackFideId "1516647"]
[EventDate "2019.03.19"]

1. d4 Nf6 2. Nf3 g6 3. Bg5 Bg7 4. Nbd2 O-O 5. c3 d6 6. e4 c5 7. dxc5 dxc5 8. Bc4
Nc6 9. O-O Qc7 10. Qe2 h6 11. Bxf6 exf6 12. Bd5 Ne7 13. c4 Re8 14. Rfe1 f5 15.
e5 Nc6 16. Kh1 Nxe5 17. Nxe5 Rxe5 18. Qf3 Bd7 19. Bxb7 Rb8 20. Bd5 Rxb2 21. Nb3
Rxa2 22. Rad1 Ra3 23. Rxe5 Bxe5 24. Rd3 a5 25. g3 Kg7 26. Kg2 Ra2 27. Qe3 Bd6
28. Nc1 Rc2 29. Ne2 Bc6 30. Nc3 Be5 31. Nb5 Bxb5 32. cxb5 Bd4 33. Qe8 Rxf2+ 34.
Kh1 Rb2 35. Rd1 a4 36. Re1 Bf6 37. Qa8 Qd8 38. Qb7 Qf8 39. Qd7 Rd2 40. b6 Be7
41. b7 Bd6 42. Re8 Qxe8 43. Qxe8 Rxd5 44. Qxa4 Rd4 45. Qc6 Be5 46. Qxc5 Rd1+ 47.
Kg2 Bb8 48. Qc3+ Kh7 49. Qf6 Kg8 50. Qc6 Be5 51. Qc8+ Kg7 52. b8=Q Bxb8 53. Qxb8
Rd2+ 54. Kg1 Rd7 55. Qe5+ Kh7 56. Qf6 Rb7 57. Kg2 Rd7 58. h3 Rb7 59. Kf2 Rd7 60.
Ke3 Rb7 61. Kd3 Rd7+ 62. Kc4 Kg8 63. h4 Rc7+ 64. Kb5 Rd7 65. h5 gxh5 66. Qxh6
Rd3 67. Qg5+ Kf8 68. Kc6 Rc3+ 69. Kd6 Rd3+ 70. Ke5 Rb3 71. Qh6+ Kg8 72. Kf4 Rb4+
73. Kxf5 Rb5+ 74. Ke4 Rb4+ 75. Kd5 Rg4 76. Qxh5 Rxg3 77. Kd6 Rg6+ 78. Ke7 Re6+
79. Kd7 Rg6 80. Qa5 Kg7 81. Qe5+ Kg8 82. Qa1 Re6 83. Qa8+ Kg7 84. Qg2+ Kf8 85.
Qg5 Rg6 86. Qh4 Kg7 87. Qd4+ Kg8 88. Qc3 Re6 89. Qc8+ Kg7 90. Qc3+ Kg8 91. Kd8
Rg6 92. Qe5 Re6 93. Qg3+ Rg6 94. Qf4 Re6 95. Qg5+ Rg6 96. Qh5 Re6 97. Kd7 Rg6
98. Qf5 Re6 99. Qb1 Rg6 100. Qb8+ Kg7 101. Qe5+ Kg8 102. Qh5 Re6 103. Qh4 Rg6
104. Qf4 Re6 105. Qf5 Rg6 106. Qa5 Re6 107. Qa1 Rg6 108. Qf1 Re6 109. Qg2+ Rg6
110. Qh3 Re6 111. Qh5 Rg6 112. Ke8 Re6+ 113. Kd7 Rg6 1/2-1/2

[Event "PRO League KO Stage 2019"]
[Site "chess.com INT"]
[Date "2019.03.23"]
[Round "1"]
[White "Bordi, Kevin"]
[Black "Hauge, Lars Oskar"]
[Result "0-1"]
[BlackTitle "IM"]
[WhiteElo "2288"]
[BlackElo "2468"]
[WhiteTeam "Cannes Blitzstreams"]
[BlackTeam "Norway Gnomes"]
[WhiteFideId "621862"]
[BlackFideId "1509276"]
[EventDate "2019.03.19"]

1. d4 e6 2. e4 d5 3. Nd2 c5 4. exd5 exd5 5. Ngf3 Nc6 6. Be2 cxd4 7. O-O Bd6 8.
Nb3 Nf6 9. Nbxd4 O-O 10. Bg5 h6 11. Bh4 a6 12. c3 Bg4 13. Nxc6 bxc6 14. Nd4 Bd7
15. Bd3 Re8 16. Nf5 Be5 17. Qf3 Bxf5 18. Qxf5 g6 19. Qh3 Kg7 20. Rae1 Qd6 21.
Re2 g5 22. Bg3 Bxg3 23. Qxg3 Qxg3 24. hxg3 Rxe2 25. Bxe2 a5 26. Rd1 a4 27. f3
Kf8 28. Kf2 Ke7 29. c4 Kd6 30. cxd5 cxd5 31. Rh1 h5 32. Rc1 Rb8 33. Rc2 Nd7 34.
Rd2 Ke5 35. f4+ gxf4 36. gxf4+ Kxf4 37. Bxh5 Nf6 38. g3+ Ke5 39. Bf3 Ne4+ 40.
Bxe4 dxe4 41. Rc2 f5 42. Ke3 Rb5 43. Rc4 Rxb2 44. Rxa4 Rg2 45. Ra5+ Kf6 46. a4
Rxg3+ 47. Kf2 Ra3 48. Ke2 Kg5 49. Ra8 Kf4 0-1

[Event "PRO League KO Stage 2019"]
[Site "chess.com INT"]
[Date "2019.03.23"]
[Round "1"]
[White "Holm, Kristian Stuvik"]
[Black "Lagarde, Maxime"]
[Result "1-0"]
[WhiteTitle "IM"]
[BlackTitle "GM"]
[WhiteElo "2463"]
[BlackElo "2631"]
[WhiteTeam "Norway Gnomes"]
[BlackTeam "Cannes Blitzstreams"]
[WhiteFideId "1508083"]
[BlackFideId "662399"]
[EventDate "2019.03.19"]

1. d4 Nf6 2. c4 g6 3. g3 Bg7 4. Bg2 O-O 5. Nf3 d6 6. O-O Nc6 7. Nc3 Rb8 8. d5
Na5 9. b3 c5 10. dxc6 bxc6 11. Be3 c5 12. Rc1 Bb7 13. Qd2 Ng4 14. Bf4 e5 15. Bg5
f6 16. Be3 Nc6 17. Rfd1 Nd4 18. Ne1 Bxg2 19. Nxg2 Qd7 20. Nd5 Rbe8 21. b4 f5 22.
bxc5 dxc5 23. h3 Nxe3 24. fxe3 f4 25. gxf4 exf4 26. Ndxf4 g5 27. Nh5 Rf3 28.
Nxg7 Rg3 29. Nh5 Rexe3 30. Nf6+ Kg7 31. Nxd7 Rxe2 1-0

[Event "PRO League KO Stage 2019"]
[Site "chess.com INT"]
[Date "2019.03.23"]
[Round "1"]
[White "Sargsyan, Anna M."]
[Black "Vidit, Santosh Gujrathi"]
[Result "0-1"]
[WhiteTitle "WFM"]
[BlackTitle "GM"]
[WhiteElo "2340"]
[BlackElo "2711"]
[WhiteTeam "Armenia Eagles"]
[BlackTeam "Mumbai Movers"]
[WhiteFideId "13308130"]
[BlackFideId "5029465"]
[EventDate "2019.03.19"]

1. d4 d6 2. Nf3 f5 3. c4 Nf6 4. Nc3 g6 5. g3 Bg7 6. Bg2 O-O 7. O-O c6 8. d5 e5
9. dxe6 Bxe6 10. Bf4 Bxc4 11. Bxd6 Re8 12. Bf4 Qxd1 13. Rfxd1 Nbd7 14. e3 Nb6
15. Nd4 Nfd5 16. Nxd5 Bxd5 17. Bf1 Rad8 18. a3 Bf7 19. Rac1 Nd5 20. Bg5 Rd7 21.
g4 fxg4 22. Bh4 Nf6 23. b4 Ne4 24. Bg2 h5 25. Ne2 Rxd1+ 26. Rxd1 g5 27. Bxe4
gxh4 28. Bc2 Bf6 29. Nf4 Rd8 30. Rxd8+ Bxd8 31. Bg6 Bxg6 32. Nxg6 Kf7 33. Nf4
Bc7 34. Nd3 b6 35. Kg2 h3+ 36. Kg1 Ke6 37. e4 Bd6 38. a4 c5 39. bxc5 bxc5 40. e5
c4 41. Nb2 c3 42. Nd3 Bxe5 0-1

[Event "PRO League KO Stage 2019"]
[Site "chess.com INT"]
[Date "2019.03.23"]
[Round "1"]
[White "Parnali, S Dharia"]
[Black "Andriasian, Zaven"]
[Result "0-1"]
[WhiteTitle "WIM"]
[BlackTitle "GM"]
[WhiteElo "2123"]
[BlackElo "2600"]
[WhiteTeam "Mumbai Movers"]
[BlackTeam "Armenia Eagles"]
[WhiteFideId "5043131"]
[BlackFideId "13302000"]
[EventDate "2019.03.19"]

1. d4 Nf6 2. g3 g6 3. Bg2 Bg7 4. c4 d6 5. Nc3 O-O 6. Nf3 Nbd7 7. O-O e5 8. d5 a5
9. b3 Nh5 10. Bb2 f5 11. e4 f4 12. g4 Nhf6 13. h3 Nc5 14. Qc2 g5 15. Nd2 h5 16.
f3 c6 17. a3 Qb6 18. Kh1 Kf7 19. b4 axb4 20. axb4 Rxa1 21. Rxa1 Qxb4 22. dxc6
bxc6 23. Ra7+ Kg6 24. Na4 hxg4 25. fxg4 Bxg4 26. Ba3 Qb8 27. Rxg7+ Kxg7 28. Nxc5
Rh8 29. Kg1 Bxh3 30. Bxh3 Rxh3 31. Nd3 Qa7+ 32. Bc5 dxc5 33. Nxe5 Qa1+ 34. Nf1
Qxe5 35. Qg2 Qd4+ 36. Qf2 Qxf2+ 0-1

[Event "PRO League KO Stage 2019"]
[Site "chess.com INT"]
[Date "2019.03.23"]
[Round "1"]
[White "Puranik, Abhimanyu"]
[Black "Martirosyan, Haik M."]
[Result "0-1"]
[WhiteTitle "GM"]
[BlackTitle "GM"]
[WhiteElo "2542"]
[BlackElo "2616"]
[WhiteTeam "Mumbai Movers"]
[BlackTeam "Armenia Eagles"]
[WhiteFideId "5061245"]
[BlackFideId "13306553"]
[EventDate "2019.03.19"]

1. e4 e5 2. Nf3 Nc6 3. Bc4 Bc5 4. c3 Nf6 5. d3 O-O 6. O-O d6 7. h3 h6 8. a4 a5
9. Nbd2 Be6 10. Re1 Ba7 11. Qb3 Qd7 12. Nf1 Rfe8 13. Bxe6 fxe6 14. Be3 Bxe3 15.
Rxe3 b6 16. Ng3 Qf7 17. Qc4 Qd7 18. Qb3 Rad8 19. d4 exd4 20. cxd4 d5 21. e5 Nh7
22. Rc1 Nb4 23. Rec3 Rc8 24. Qd1 Na2 25. Rc6 Nxc1 26. Qxc1 Nf8 27. Nh4 Qd8 28.
Nf3 Ng6 29. Nh5 Qe7 30. Qc2 Qf7 31. Rc3 Rf8 32. Nh2 Nh4 33. g4 Qg6 34. Qd1 c5
35. Rb3 cxd4 36. Ng3 Qc2 37. Qxc2 Rxc2 0-1

[Event "PRO League KO Stage 2019"]
[Site "chess.com INT"]
[Date "2019.03.23"]
[Round "1"]
[White "Sargsyan, Shant"]
[Black "Adhiban, Baskaran"]
[Result "1-0"]
[WhiteTitle "IM"]
[BlackTitle "GM"]
[WhiteElo "2488"]
[BlackElo "2683"]
[WhiteTeam "Armenia Eagles"]
[BlackTeam "Mumbai Movers"]
[WhiteFideId "13306766"]
[BlackFideId "5018471"]
[EventDate "2019.03.19"]

1. d4 d5 2. c4 Nc6 3. cxd5 Qxd5 4. e3 e5 5. Nc3 Bb4 6. Bd2 Bxc3 7. bxc3 Nf6 8.
Qb3 Qd6 9. Bc1 Be6 10. Ba3 Qd7 11. Qb2 O-O-O 12. Nf3 Bg4 13. Rb1 b6 14. Be2 e4
15. Ba6+ Kb8 16. Nd2 h5 17. c4 Ne5 18. O-O Bf3 19. h3 Rh6 20. Qb5 Rg6 21. Qxd7
Rxg2+ 22. Kh1 Nexd7 23. Bb5 Ng4 24. Nxf3 exf3 25. Bxd7 Nxf2+ 26. Rxf2 Rxf2 27.
Bc6 g5 28. Rb2 Rf1+ 29. Kh2 g4 30. Be7 Rg8 31. Bh4 f5 32. Bd7 Rf8 33. c5 f4 34.
exf4 Rxf4 35. d5 Re4 36. Bb5 Rd1 37. d6 cxd6 38. cxd6 Kb7 39. d7 a5 40. d8=Q
Rxd8 41. Bxd8 Rd4 42. Bh4 Re4 43. hxg4 hxg4 44. a4 Kc7 45. Bf2 Kd6 46. Kg3 Ke5
47. Rb1 Kf6 48. Re1 Rb4 49. Rd1 Kf5 50. Rd4 Rb2 51. Rf4+ Ke6 52. Rxg4 1-0

[Event "PRO League KO Stage 2019"]
[Site "chess.com INT"]
[Date "2019.03.23"]
[Round "1"]
[White "Lagarde, Maxime"]
[Black "Hammer, Jon Ludvig"]
[Result "1-0"]
[WhiteTitle "GM"]
[BlackTitle "GM"]
[WhiteElo "2631"]
[BlackElo "2650"]
[WhiteTeam "Cannes Blitzstreams"]
[BlackTeam "Norway Gnomes"]
[WhiteFideId "662399"]
[BlackFideId "1503707"]
[EventDate "2019.03.19"]

1. e4 e5 2. Nf3 Nc6 3. Bb5 Nf6 4. O-O Nxe4 5. d4 Nd6 6. Bxc6 dxc6 7. dxe5 Nf5 8.
Qxd8+ Kxd8 9. h3 Ne7 10. Rd1+ Ke8 11. Nc3 Ng6 12. b3 Bd7 13. Bb2 Nf4 14. Kh2 Bf5
15. Nd4 Bg6 16. g4 Ne6 17. Nf5 h5 18. Kg3 Rd8 19. Ne4 c5 20. Rxd8+ Kxd8 21. Rd1+
Kc8 22. f4 b6 23. c4 Kb7 24. Nf2 a5 25. Nh4 hxg4 26. Nxg6 fxg6 27. hxg4 Be7 28.
Nh3 Bh4+ 29. Kg2 Rf8 30. Bc1 a4 31. Be3 axb3 32. axb3 Kc6 33. Kf3 Nxf4 34. Bxf4
g5 35. Ke4 gxf4 36. Nxf4 Bg3 37. Nh5 Bh4 38. Nxg7 Rg8 39. Nf5 Rxg4+ 40. Kf3 Rg5
41. Nxh4 Rxe5 42. Kf4 Re2 43. Nf3 b5 44. Rd2 Re8 45. Ra2 Kb6 46. Ne5 Rd8 47. Ke3
Re8 48. Ke4 Rd8 49. Kf5 Rf8+ 50. Ke6 Re8+ 51. Kf6 Rd8 52. Ke7 Rd4 53. Nd7+ Kb7
54. Nxc5+ Kc6 55. Ne6 Re4 56. Ra6+ Kb7 57. cxb5 Re5 58. Rc6 Rxb5 59. Rxc7+ Kb6
60. Rc3 Rd5 61. Rc4 Rd3 62. Nc5 Re3+ 63. Kd6 Kb5 64. Rd4 Rc3 65. b4 Rh3 66. Nd3
Rh6+ 67. Ke5 Rh5+ 68. Ke4 Rh4+ 69. Ke3 Rh3+ 70. Kd2 Ka4 71. Kc3 Rh8 72. Rd5 Rc8+
73. Rc5 Ra8 74. Nb2+ Ka3 75. Ra5+ Rxa5 76. bxa5 Ka2 77. a6 Kb1 78. a7 Ka2 79.
a8=Q+ Kb1 80. Qg2 Kc1 81. Nc4 1-0

[Event "PRO League KO Stage 2019"]
[Site "chess.com INT"]
[Date "2019.03.23"]
[Round "1"]
[White "Cornette, Matthieu"]
[Black "Holm, Kristian Stuvik"]
[Result "1-0"]
[WhiteTitle "GM"]
[BlackTitle "IM"]
[WhiteElo "2552"]
[BlackElo "2463"]
[WhiteTeam "Cannes Blitzstreams"]
[BlackTeam "Norway Gnomes"]
[WhiteFideId "620084"]
[BlackFideId "1508083"]
[EventDate "2019.03.19"]

1. Nf3 Nf6 2. c4 e6 3. Nc3 d5 4. e3 Bd6 5. b3 c5 6. Bb2 O-O 7. cxd5 exd5 8. d4
Nc6 9. Be2 Bg4 10. dxc5 Bxc5 11. O-O a6 12. h3 Bh5 13. Rc1 Qd6 14. Nh4 Bxe2 15.
Nxe2 Bb6 16. Nf5 Qe6 17. Nxg7 Kxg7 18. Nf4 Qf5 19. g4 Qe4 20. Nh5+ Kg6 21. Nxf6 1-0

[Event "PRO League KO Stage 2019"]
[Site "chess.com INT"]
[Date "2019.03.23"]
[Round "1"]
[White "Hauge, Lars Oskar"]
[Black "Barseghyan, Harutyun"]
[Result "1-0"]
[WhiteTitle "IM"]
[BlackTitle "IM"]
[WhiteElo "2468"]
[BlackElo "2459"]
[WhiteTeam "Norway Gnomes"]
[BlackTeam "Cannes Blitzstreams"]
[WhiteFideId "1509276"]
[BlackFideId "13304585"]
[EventDate "2019.03.19"]

1. d4 d5 2. Bf4 Nf6 3. e3 e6 4. Nc3 Bd6 5. Bd3 O-O 6. Nf3 b6 7. Ne5 Ba6 8. Bxa6
Nxa6 9. Qe2 Nb8 10. O-O Bb4 11. Nd1 Be7 12. c4 c6 13. Nc3 Nfd7 14. Nf3 Nf6 15.
Ne5 Nfd7 16. Nf3 Nf6 17. Rac1 Nbd7 18. cxd5 exd5 19. Ne1 Re8 20. Nd3 Bf8 21.
Rfd1 a5 22. Qf3 a4 23. a3 b5 24. Ne5 Ra6 25. Ne2 Nxe5 26. dxe5 Nd7 27. Nd4 Nc5
28. Qg4 g6 29. Rc2 h5 30. Qe2 g5 31. Qxh5 gxf4 32. exf4 Ne6 33. Qg4+ Bg7 34. Nf3
f5 35. Qxf5 Qe7 36. Qg4 Nf8 37. Re2 c5 38. f5 Kh8 39. f6 Qf7 40. fxg7+ Qxg7 41.
Qxg7+ Kxg7 42. Rxd5 Ne6 43. Rd7+ Kg6 44. Nh4+ Kg5 45. g3 Rd8 46. Red2 Rxd7 47.
Rxd7 b4 48. Kg2 c4 49. f4+ Kh6 50. Nf5+ Kg6 51. Ne7+ Kh6 52. f5 Nf8 53. Ng8+ Kg5
54. Rd4 c3 55. Rxb4 cxb2 56. Rxb2 Kxf5 57. Rf2+ Kxe5 58. Rxf8 Rb6 59. Rf3 Rb2+
60. Kh3 Rb3 61. Kg4 Ke4 62. Rf4+ 1-0

[Event "PRO League KO Stage 2019"]
[Site "chess.com INT"]
[Date "2019.03.23"]
[Round "1"]
[White "Kaasen, Tor Fredrik"]
[Black "Bordi, Kevin"]
[Result "1-0"]
[WhiteTitle "IM"]
[WhiteElo "2383"]
[BlackElo "2288"]
[WhiteTeam "Norway Gnomes"]
[BlackTeam "Cannes Blitzstreams"]
[WhiteFideId "1516647"]
[BlackFideId "621862"]
[EventDate "2019.03.19"]

1. e4 d5 2. exd5 Qxd5 3. Nc3 Qa5 4. Bc4 Nf6 5. d3 c6 6. Nf3 Bg4 7. h3 Bh5 8. g4
Bg6 9. Qe2 e6 10. Bd2 Qc7 11. Ne5 Nbd7 12. Nxd7 Qxd7 13. f4 O-O-O 14. O-O-O h5
15. Ne4 Nxe4 16. dxe4 hxg4 17. Ba5 Qxd1+ 18. Rxd1 Rxd1+ 19. Qxd1 b6 20. hxg4
Bxe4 21. Be1 Rh3 22. Qd4 Bf3 23. Qe5 Kb7 24. f5 b5 25. fxe6 fxe6 26. Bxe6 Bc5
27. Qxc5 1-0

[Event "PRO League KO Stage 2019"]
[Site "chess.com INT"]
[Date "2019.03.23"]
[Round "1"]
[White "Andriasian, Zaven"]
[Black "Puranik, Abhimanyu"]
[Result "1-0"]
[WhiteTitle "GM"]
[BlackTitle "GM"]
[WhiteElo "2600"]
[BlackElo "2542"]
[WhiteTeam "Armenia Eagles"]
[BlackTeam "Mumbai Movers"]
[WhiteFideId "13302000"]
[BlackFideId "5061245"]
[EventDate "2019.03.19"]

1. e4 e5 2. Nf3 Nc6 3. Bc4 Bc5 4. d3 Nf6 5. O-O d6 6. c3 a6 7. Bb3 h6 8. Nbd2
O-O 9. h3 Be6 10. Re1 Re8 11. Nf1 d5 12. Qe2 Qd7 13. Ng3 Rad8 14. Bc2 b5 15.
exd5 Nxd5 16. Qf1 Bd6 17. Ne4 f5 18. Nxd6 cxd6 19. a4 b4 20. Bd2 a5 21. Bb3 Rb8
22. Bc4 Nc7 23. Rac1 Bxc4 24. dxc4 e4 25. Nd4 Nxd4 26. cxd4 Ne6 27. Red1 Qxa4
28. Ra1 Qc2 29. Rxa5 f4 30. Bc1 f3 31. Be3 Qxb2 32. d5 Qe5 33. g3 Nc5 34. Ra7
Nd3 35. Rb1 b3 36. Qd1 b2 37. Qa4 Re7 38. Kh2 Rxa7 39. Qxa7 Re8 40. Bd4 Qe7 41.
Qb6 Rc8 42. Qb3 Qc7 43. c5 dxc5 44. Bxb2 c4 45. Qc3 Rb8 46. d6 Qd7 47. Qxc4+ Kh8
48. Bxg7+ 1-0